01179nam a2200313 a 4500003000900000005001700009008004100026040001300067245004900080260003800129300001600167490007900183500021900262504002800481650002500509650001900534650003000553650002900583650002300612650002300635650003300658653003900691700002400730700002200754700001900776700001600795700002300811700003100834AR-BaBNM20251128204526.0082120s2002 ||||||||||||||000 | spa|| cAR-BaBNM00aPsicología y didáctica de la enseñanza aBuenos AiresbPaidósc1964-1966 a667 p.bil. 0aNueva enciclopedía pedagógica del educador. Didáctica escolarvv. 11 aContenido: Como hacer progresar al escolar - Como enseñar a resolver problemas en el aula - Como enseñar las ciencias al escolar - Como estudiar para aprender - Como enseñar al escolar y al estudiantes lentos aContiene bibliografía 4aPROMOCION DEL ALUMNO 4aCALIFICACIONES 4aENSEÑANZA DE LA CIENCIA 4aEXPERIMENTOS CIENTIFICOS 4aMETODOS DE ESTUDIO 4aEDUCACION ESPECIAL 4aALUMNOS DE APRENDIZAJE LENTO aPROCESO DE ENSEÑANZA-APRENDIZAJE1 aElsbree, Willard S.1 aHudgins, Bryce B.1 aSheckles, Mary1 aMeenes, Max1 aFeatherstone, W.B.1 aCaswell, H.L.eprologuista